Thread The Needle - Sleep Token lyric quiz - Statistics

General Stats
  • This quiz has been taken 10 times
  • The average score is 86 of 101
Answer Stats
Answer % Correct
Bury
100%
can
100%
in
100%
inside
100%
me
100%
this
100%
time
100%
We
100%
again
83%
An
83%
and
83%
bed
83%
Come
83%
confide
83%
dilated
83%
down
83%
erase
83%
feel
83%
find
83%
is
83%
labyrinth
83%
lights
83%
needle,
83%
night
83%
on
83%
out
83%
Something
83%
spend
83%
that
83%
the
83%
thread
83%
to
83%
turn
83%
You
83%
at
67%
fascination
67%
invisible
67%
Just
67%
look
67%
lying,
67%
space
67%
we're
67%
where
67%
No matching quizzes found
Score Distribution
Percent of People with Each Score
Percentile by Number Answered
Your Score History
You have not taken this quiz